| 000 -LEADER |
| fixed length control field |
00921pab a2200169 454500 |
| 008 - FIXED-LENGTH DATA ELEMENTS--GENERAL INFORMATION |
| fixed length control field |
180718b2007 xxu||||| |||| 00| 0 eng d |
| 100 ## - MAIN ENTRY--PERSONAL NAME |
| Personal name |
Vetter, Henrik |
| 245 ## - TITLE STATEMENT |
| Title |
Golden age and golden rule in unionized economies |
| 260 ## - PUBLICATION, DISTRIBUTION, ETC. |
| Date of publication, distribution, etc. |
2007 |
| 300 ## - PHYSICAL DESCRIPTION |
| Extent |
p.100-07. |
| 362 ## - DATES OF PUBLICATION AND/OR SEQUENTIAL DESIGNATION |
| Dates of publication and/or sequential designation |
Winter |
| 520 ## - SUMMARY, ETC. |
| Summary, etc. |
Golden Age and Golden Rule growth paths exemplify different ways to distribute income. In a recent article. Frank Thompson describes the difference between the two. In particular, the Golden Age is characterized by conflict between capital owners and workers. Despite this, workers act competitively; they are passive, taking whatever wage they are offered. In this extension and reexamination of Thompson's results, we assume that workers organize in a union when there is conflict with capitalists. - Reproduced. |
| 650 ## - SUBJECT ADDED ENTRY--TOPICAL TERM |
| Topical term or geographic name entry element |
Wages |
| 773 ## - HOST ITEM ENTRY |
| Main entry heading |
Review of Radical Political Economics |
| 908 ## - PUT COMMAND PARAMETER (RLIN) |
| Put command parameter |
N |
| 909 ## - |
| -- |
74618 |